[Event "Munich"]
[Site "Munich"]
[Date "1992.??.??"]
[Round "2"]
[White "Hertneck, Gerald"]
[Black "Wahls, Matthias"]
[Result "1-0"]
[WhiteElo "2530"]
[BlackElo "2570"]

1.d4 Nf6 2.c4 g6 3.Nc3 Bg7 4.e4 d6 5.Be2 O-O 6.Nf3 e5 7.O-O Nc6 8.d5 Ne7
9.Nd2 a5 10.a3 Nd7 11.Rb1 f5 12.b4 Kh8 13.Qc2 Ng8 14.f3 Ngf6 15.Bd3 f4 16.Nb5 b6
17.c5 dxc5 18.bxa5 Rxa5 19.Nc4 Ra8 20.a4 Ba6 21.Bd2 Ne8 22.a5 g5 23.Rfe1 Rf6
24.Bc3 Rg6 25.Be2 h5 26.h3 Qe7 27.d6 cxd6 28.axb6 Rb8 29.Ba5 Bb7 30.Red1 Bf8
31.Rd2 Qg7 32.Rbd1 g4 33.fxg4 Ndf6 34.Nbxd6 Bxd6 35.Nxd6 Nxd6 36.Rxd6 hxg4
37.hxg4 Bxe4 38.Qxc5 Bxg2 39.Kxg2 Rxg4+ 40.Kf1 Rg8 41.Bxg4 Qxg4 42.Rd8 Qg2+
43.Ke1 Qh1+ 44.Ke2 f3+ 45.Ke3 Ng4+ 46.Ke4 Qh7+ 47.Kxf3 Qf5+ 48.Ke2 Qe4+ 49.Kd2 Rxd8+
50.Kc1 Qf4+ 51.Rd2 Qf1+ 52.Kb2 Rxd2+ 53.Bxd2 Qe2 54.Qa5 Qg2 55.Qb4 Qb7 56.Qf8+ Kh7
57.Qf5+ Kh8 58.Qh5+ Kg8 59.Qxg4+ Kf7 60.Qf5+ Ke7  1-0

[Event "Munich"]
[Site "Munich"]
[Date "1992.??.??"]
[Round "9"]
[White "Gurevich, Mikhail"]
[Black "Gelfand, Boris"]
[Result "1/2-1/2"]
[WhiteElo "2635"]
[BlackElo "2665"]

1.Nf3 Nf6 2.c4 g6 3.Nc3 Bg7 4.e4 d6 5.d4 O-O 6.Be2 e5 7.O-O Nc6 8.d5 Ne7
9.Nd2 a5 10.a3 Nd7 11.Rb1 f5 12.b4 Kh8 13.Qc2 Ng8 14.f3 Ngf6 15.Bd3 f4 16.Nb5 b6
17.Bb2 g5 18.Be2 Ne8 19.g4 fxg3 20.hxg3 g4 21.fxg4 Qg5 22.Qd3 Ndf6 23.Nf3 Qxg4
24.Nxe5 Qh3 25.Nc6 axb4 26.Rf2 bxa3 27.Nxa3 Qh6 28.e5 dxe5 29.Nxe5 Nd6 30.Bc1 Qh3
31.Rh2 Qxh2+ 32.Kxh2 Bf5 33.Qb3 Rae8 34.Bf4 Nd7 35.Bh5 Nxe5 36.Bxe8 Ng4+
37.Kg1 Bd4+ 38.Kf1 Rxe8 39.Qd1 Ne3+ 40.Bxe3 Bxe3 41.Kg2 Be4+ 42.Kh3 Nf7 43.Rb3 Ng5+
44.Kh4 Nf3+ 45.Kh3 Ng5+ 46.Kh4 Nf3+  1/2-1/2

[Event "Nassau Masters"]
[Site "Nassau"]
[Date "1992.??.??"]
[Round "7"]
[White "Laflair, R."]
[Black "Goregliad, Sergei"]
[Result "1-0"]
[WhiteElo "2330"]
[BlackElo "2275"]

1.d4 Nf6 2.c4 g6 3.Nc3 Bg7 4.e4 d6 5.Nf3 O-O 6.Be2 e5 7.O-O Nc6 8.d5 Ne7
9.Ne1 Nd7 10.Nd3 f5 11.Bd2 Nf6 12.f3 f4 13.c5 g5 14.Rc1 Ng6 15.Nb5 Rf7 16.cxd6 cxd6
17.Qc2 Qb6+ 18.Nf2 Ne8 19.a4 h5 20.Qxc8 Rxc8 21.Rxc8 Rf8 22.a5 Qa6 23.Bd3 b6
24.Nxd6 b5 25.Rc6 Qxc6 26.dxc6 Nxd6 27.Bb4 Rf6 28.Rc1 Ne7 29.Bxb5 Bf8 30.Bxd6 Rxd6
31.c7 a6 32.Bc4+ Kg7 33.Bd5  1-0

[Event "CZE-ch U20"]
[Site "Neratovice"]
[Date "1992.??.??"]
[Round "?"]
[White "Adamek, Zdenek"]
[Black "Rehak, Martin"]
[Result "0-1"]
[WhiteElo "2110"]
[BlackElo "1995"]

1.d4 Nf6 2.Nf3 g6 3.c4 Bg7 4.Nc3 O-O 5.e4 d6 6.Be2 e5 7.O-O Nc6 8.d5 Ne7
9.Ne1 Ne8 10.Be3 f5 11.f3 f4 12.Bf2 g5 13.c5 h5 14.a4 Rf6 15.a5 Rg6 16.h3 Nf6
17.b4 g4 18.fxg4 hxg4 19.hxg4 Nxg4 20.c6 Nxf2 21.Rxf2 Rh6 22.Bf3 Bf6 23.Rc2 bxc6
24.dxc6 Bh4 25.b5 Kg7 26.Rcc1 Qh8 27.Qd2 Bxe1 28.Rxe1 Rh2 29.Nd5 Qh4 30.Kf1 Nxc6
31.Ra4 Nd4 32.Rxd4 Rh1+ 33.Ke2 Rxe1+ 34.Qxe1 Qxe1+ 35.Kxe1 exd4 36.Nxc7 Rb8
37.Ne8+ Kf7 38.Nxd6+ Ke7 39.Nxc8+ Rxc8 40.e5 Rc5  0-1

[Event "Nettetal"]
[Site "Nettetal"]
[Date "1992.??.??"]
[Round "4"]
[White "Schlosser, Philipp"]
[Black "Stangl, Markus"]
[Result "1/2-1/2"]
[WhiteElo "2485"]
[BlackElo "2465"]

1.d4 g6 2.e4 d6 3.c4 Bg7 4.Nc3 Nf6 5.Be2 O-O 6.Nf3 e5 7.O-O Nc6 8.d5 Ne7
9.Ne1 Nd7 10.Bd2 f5 11.Nd3 Nf6 12.f3 Kh8 13.a4 a5 14.g4 c5 15.Kg2 f4 16.h4 h5
17.g5 Ne8 18.Rh1 Nc7 19.Qg1 b6  1/2-1/2

[Event "Enhance MCC"]
[Site "New York"]
[Date "1992.??.??"]
[Round "3"]
[White "Zamora, Jorge"]
[Black "Rosenberg, Daniel"]
[Result "0-1"]
[WhiteElo "2350"]
[BlackElo "2295"]

1.e4 g6 2.d4 Bg7 3.Nf3 d6 4.c4 Nf6 5.Nc3 O-O 6.Be2 e5 7.O-O Nc6 8.d5 Ne7
9.Nd2 a5 10.a3 Nd7 11.Rb1 f5 12.b4 Kh8 13.Qc2 axb4 14.axb4 Ng8 15.Bd3 Ndf6
16.exf5 gxf5 17.Bxf5 Bxf5 18.Qxf5 Nxd5 19.Qc2 Nxc3 20.Qxc3 Nf6 21.Bb2 Qd7
22.f3 Rg8 23.Ne4 Raf8 24.Ng3 h5 25.Qd3 Bh6 26.c5 Bf4 27.Ne2 Bh6 28.Rbd1 Qg7
29.g3 dxc5 30.Bxe5 cxb4 31.Nd4 Qg6 32.Qc4 Kh7 33.Qxc7+ Rf7 34.Qd6 Re8 35.Rde1 Bf8
36.Qb6 Nd7 37.Qxg6+ Kxg6 38.Bf4 Rxe1 39.Rxe1 Bc5 40.Rd1 Nf6 41.Be3 Rd7 42.Kg2 Nd5
43.Bf2 Bxd4 44.Rxd4 b3  0-1

[Event "New York op"]
[Site "New York"]
[Date "1992.??.??"]
[Round "9"]
[White "Bonin, Jay R"]
[Black "Sandager, Stephen"]
[Result "1-0"]
[WhiteElo "2400"]
[BlackElo "2310"]

1.d4 Nf6 2.c4 g6 3.Nc3 Bg7 4.e4 d6 5.Nf3 O-O 6.Be2 e5 7.O-O Nc6 8.d5 Ne7
9.Bg5 h6 10.Bxf6 Bxf6 11.b4 Bg7 12.Nd2 f5 13.f3 f4 14.c5 g5 15.Nc4 a6 16.a4 Ng6
17.a5 Rf6 18.cxd6 cxd6 19.Nb6 Rb8 20.Nca4 h5 21.Rc1 Rf7 22.Qc2 Bd7 23.Nxd7 Qxd7
24.Nb6 Qe7 25.Qb3 Bh6 26.Rc4 Rbf8 27.Rfc1 g4 28.Rc8 Nh4 29.Rxf8+ Bxf8 30.Kh1 Rg7
31.Rg1 Qg5 32.Qd1 Be7 33.h3 Qg6 34.Nc4 Kh8 35.Nd2 gxh3 36.gxh3 Qf7 37.Rxg7 Qxg7
38.Qg1 Qg3 39.Qxg3 fxg3 40.f4 exf4 41.Bxh5 Bf6 42.Nf3 Nxf3 43.Bxf3 Bc3 44.Kg2 Bxb4
45.e5 Bxa5 46.e6 Bd8 47.Be2 Kg7 48.Kf3 Kg6 49.Bf1 Kf5 50.Bg2 a5 51.Ke2 a4
52.Kd3 a3 53.Kc3 a2 54.Kb2 Ke5  1-0

[Event "NOR-ch"]
[Site "?"]
[Date "1992.??.??"]
[Round "7"]
[White "Grotnes, Nils"]
[Black "Gullaksen, Eirik T"]
[Result "1/2-1/2"]
[WhiteElo "2345"]
[BlackElo "2270"]

1.d4 Nf6 2.c4 g6 3.Nc3 Bg7 4.e4 d6 5.Be2 O-O 6.Nf3 e5 7.O-O Nc6 8.d5 Ne7
9.Ne1 Nd7 10.Nd3 f5 11.Bd2 Nf6 12.f3 f4 13.c5 g5 14.cxd6 cxd6 15.Nf2 Ng6
16.Qc2 h5 17.Nb5 Rf7 18.Rfc1 Ne8 19.a4 Nh4 20.Ra3 Bf8 21.Rc3 Bd7 22.h3 a6
23.Na3 Rg7 24.Qd1 Nf6 25.a5 g4 26.fxg4 hxg4 27.hxg4 Nh5 28.Rh3 Ng3 29.Bf3 Be7
30.Nh1 Nxh1 31.Kxh1 Rc8 32.Nc4 Bb5 33.Nb6 Rxc1 34.Qxc1 Bg5 35.Qc8 Rc7 36.Qe6+ Kg7
37.Bb4 Rc1+ 38.Kh2 Qh8 39.Bxd6 Nxf3+ 40.gxf3 Rh1+ 41.Kxh1 Qxh3+ 42.Kg1 Qg3+
43.Kh1 Qxf3+ 44.Kh2 Qe2+ 45.Kg1 Qd1+ 46.Kh2 Qc2+ 47.Kg1 Qb1+ 48.Kh2 Qxb2+
49.Kg1 Qd4+ 50.Kh2 Qf2+  1/2-1/2

[Event "NOR-ch"]
[Site "?"]
[Date "1992.??.??"]
[Round "9"]
[White "Tisdall, Jonathan D"]
[Black "Djurhuus, Rune"]
[Result "1/2-1/2"]
[WhiteElo "2435"]
[BlackElo "2405"]

1.d4 Nf6 2.c4 g6 3.Nc3 Bg7 4.e4 d6 5.Be2 O-O 6.Nf3 e5 7.O-O Nc6 8.d5 Ne7
9.Nd2 c6 10.a3 cxd5 11.cxd5 Ne8 12.a4 f5 13.Nc4 f4 14.Bd2 h5 15.Nb5 Rf6 16.Bb4 Kh7
17.Qb3 a5 18.Bd2 Ra6 19.Rfc1 g5 20.Qd1 g4 21.Ra3 Rg6 22.Bf1 Ra8 23.b4 axb4
24.Bxb4 Bh6 25.Rcc3 h4 26.Qc2 Ng8 27.a5 g3 28.fxg3 fxg3 29.h3 Rb8 30.Nb6 Bd7
31.Nxd7 Qxd7 32.Na7 Rf6 33.Rf3 Ra8 34.Rxf6 Ngxf6 35.Nb5 Rc8 36.Rc3 Rxc3 37.Bxc3 Be3+
38.Kh1 Nh5 39.Qe2 Qf7 40.Bb4 Qf2 41.Qxh5+ Kg7 42.Qg4+  1/2-1/2

[Event "NOR-LIT"]
[Site "?"]
[Date "1992.??.??"]
[Round "1"]
[White "Butnorius, Algimantas"]
[Black "Djurhuus, Rune"]
[Result "1/2-1/2"]
[WhiteElo "2415"]
[BlackElo "2405"]

1.d4 Nf6 2.Nf3 g6 3.c4 Bg7 4.Nc3 O-O 5.e4 d6 6.Be2 e5 7.O-O Nc6 8.d5 Ne7
9.Nd2 a5 10.Rb1 Nd7 11.a3 f5 12.b4 Kh8 13.Qc2 Ng8 14.Nb5 axb4 15.axb4 Ndf6
16.f3 Nh5 17.g3 Ngf6 18.c5 Nxg3 19.hxg3 Nh5 20.Rf2 Nxg3 21.Nf1 Nxe2+ 22.Qxe2 h5
23.Rg2 fxe4 24.fxe4 Bh3 25.Bg5 Qd7 26.c6 bxc6 27.dxc6 Qc8 28.Rg3 Be6 29.Nc3 Ra3
30.b5 Rf4 31.Bxf4 exf4 32.Rxg6 Bg4 33.Qc4 Rxc3 34.Rh6+ Bxh6 35.Qxc3+ Bg7
36.Qd3 Qd8 37.Nh2 Qg5 38.Kh1 Qc5 39.Rg1 Be6 40.Qf3 Qxb5 41.Qxf4 Qxc6 42.Nf3 Qe8
43.Rb1 Bg8 44.Ng5 d5 45.Rf1 dxe4 46.Nf7+ Bxf7  1/2-1/2

[Event "NOR-LIT"]
[Site "?"]
[Date "1992.??.??"]
[Round "2"]
[White "Gausel, Einar"]
[Black "Malisauskas, Vidmantas"]
[Result "1-0"]
[WhiteElo "2485"]
[BlackElo "2530"]

1.Nf3 Nf6 2.c4 g6 3.Nc3 Bg7 4.e4 d6 5.d4 O-O 6.Be2 e5 7.O-O Nc6 8.d5 Ne7
9.Nd2 c5 10.Rb1 Ne8 11.b4 b6 12.bxc5 bxc5 13.Nb3 Kh8 14.Bd2 f5 15.f3 Ng8
16.Nb5 a6 17.Nc3 Bd7 18.Qc1 Ngf6 19.Qa3 a5 20.exf5 gxf5 21.Bg5 Rg8 22.Nd2 Bf8
23.f4 Be7 24.Qb2 exf4 25.Bxf4 Ng7 26.Bf3 Nfe8 27.Qb6 Bf6 28.Qxd8 Rxd8 29.Nb5 Be5
30.Bd1 Bxf4 31.Rxf4 Ra8 32.Rf1 Ra6 33.Re1 Nf6 34.Bc2 Re8 35.Rxe8+ Nfxe8 36.Nf3 Kg8
37.Nc3 Ra8 38.Rb6 Kf8 39.g3 h6 40.Nh4 Ke7 41.Ba4 Bxa4 42.Nxa4 Ra7 43.Nc3 Nf6
44.Nb5 Rd7 45.Ra6 Ne4 46.Nf3 Nh5 47.Rxa5 Nhf6 48.Ra3 Ng4 49.Rd3 Kf6 50.a4 f4
51.gxf4 Kf5 52.h3 Ngf6 53.Nh4+ Kxf4 54.Ng2+ Ke5 55.a5 Rd8 56.a6 Nd7 57.Re3 Nb6
58.Nc3 Kd4 59.Nxe4 Nxc4 60.Re1 Ra8 61.Nf6 Rxa6 62.Rd1+ Ke5 63.Ng4+ Ke4 64.Nxh6 Nb2
65.Re1+ Kxd5 66.Nf4+ Kc6 67.Nf5 c4 68.Nxd6 Nd3 69.Nxd3 Kxd6 70.Re6+ Kxe6
71.Nc5+ Kf6 72.Nxa6 c3 73.Nb4 Kg5 74.Kg2 Kh4 75.Nc2 Kg5 76.Kg3 Kh5 77.h4 Kg6
78.Kg4 Kh6 79.h5 Kg7 80.Kg5 Kh7 81.h6 Kh8 82.Kg6 Kg8 83.Nd4 Kh8 84.Nf5 c2
85.Nd6 c1=Q 86.Nf7+ Kg8 87.h7+ Kf8 88.h8=Q+  1-0

[Event "NOR-chT east"]
[Site "NOR"]
[Date "1992.??.??"]
[Round "3"]
[White "Hjelmaas, Lars"]
[Black "Dannevig, Oystein"]
[Result "0-1"]
[WhiteElo "2300"]
[BlackElo "2275"]

1.d4 Nf6 2.c4 g6 3.Nc3 Bg7 4.e4 d6 5.Be2 O-O 6.Nf3 e5 7.O-O Nc6 8.d5 Ne7
9.Ne1 Nd7 10.Be3 f5 11.f3 f4 12.Bf2 g5 13.Nb5 b6 14.b4 a6 15.Nc3 Ng6 16.Nd3 h5
17.c5 Nf6 18.Kh1 g4 19.Rc1 g3 20.Bg1 gxh2 21.Bf2 h4 22.Kxh2 Rf7 23.cxb6 cxb6
24.Na4 Rb7 25.Rc6 Rab8 26.b5 axb5 27.Nc3 Bf8 28.Nxb5 Rh7 29.Qc2 Bd7 30.Nb4 h3
31.g3 fxg3+ 32.Bxg3 Nh5 33.Rg1 Qf6 34.Na6 Rb7 35.Nac7 Rg7 36.Ne6 Bxe6 37.dxe6 Nh4
38.Qb3 Kh7 39.e7 Nxg3 40.Rxg3 Rxg3 41.exf8=N+ Qxf8 42.Kxg3 h2 43.Qd1 Qg7+
44.Kxh4 Qg2 45.Rc1 Rg7  0-1

[Event "Norresundby op"]
[Site "Norresundby"]
[Date "1992.??.??"]
[Round "2"]
[White "Berg, Klaus"]
[Black "Groszpeter, Attila"]
[Result "1/2-1/2"]
[WhiteElo "2385"]
[BlackElo "2495"]

1.Nf3 Nf6 2.c4 g6 3.Nc3 Bg7 4.e4 d6 5.d4 O-O 6.Be2 e5 7.O-O Nc6 8.d5 Ne7
9.Nd2 a5 10.a3 Nd7 11.Rb1 f5 12.b4 Kh8 13.f3 b6 14.Qc2 axb4 15.axb4 c5 16.bxc5 bxc5
17.Nb3  1/2-1/2

[Event "Norresundby op"]
[Site "Norresundby"]
[Date "1992.??.??"]
[Round "8"]
[White "Groszpeter, Attila"]
[Black "Kupreichik, Viktor D"]
[Result "0-1"]
[WhiteElo "2495"]
[BlackElo "2545"]

1.d4 Nf6 2.c4 g6 3.Nc3 Bg7 4.e4 d6 5.Nf3 O-O 6.Be2 e5 7.O-O Nc6 8.Be3 Ng4
9.Bg5 f6 10.Bc1 f5 11.dxe5 Ngxe5 12.exf5 Bxf5 13.Nxe5 dxe5 14.Bf3 Qe8 15.Bd5+ Kh8
16.Nb5 Qe7 17.Qe2 Rad8 18.b3 Nb4 19.Be4 c6 20.Nc3 Nd3 21.Be3 Nf4 22.Qc2 Qg5
23.g3 Qh5 24.f3 Ne6 25.g4 Bxe4 26.Nxe4 Qh4 27.Bxa7 c5 28.Qf2 Qh3 29.Qg3 Qh6
30.g5 Qh5 31.Qg4 Qxg4+ 32.fxg4 Rf4 33.Nxc5 Nxg5 34.Rfd1 Ra8 35.Bb6 e4 36.Nxb7 Bxa1
37.Rxa1 Rb8 38.Bd4+ Kg8 39.Nd6 Nf3+ 40.Kf2 Nxd4+ 41.Ke3 Ne6 42.c5 Rb4 43.Nc4 Rb5
44.c6 Rxg4 45.Rd1 Rf5 46.Rd8+ Kg7 47.Rd7+ Kh6 48.Kd2 Rf3  0-1

[Event "Nova Gorica (Women)"]
[Site "Nova Gorica"]
[Date "1992.??.??"]
[Round "?"]
[White "Nutu Gajic, Dana"]
[Black "Djeno, Mara"]
[Result "1/2-1/2"]
[WhiteElo "2350"]
[BlackElo "2165"]

1.d4 Nf6 2.c4 g6 3.Nc3 Bg7 4.e4 d6 5.Nf3 O-O 6.Be2 e5 7.O-O Nc6 8.d5 Ne7
9.b4 a5 10.Ba3 axb4 11.Bxb4 b6 12.a4 Ne8 13.a5 c5 14.dxc6 Nxc6 15.Ba3 Nxa5
16.Nb5 Nb7 17.Bb4 Rxa1 18.Qxa1 Nc5 19.Bxc5 bxc5 20.Qa8 Nc7 21.Qc6 Nxb5 22.cxb5 Qd7
23.Rd1 Rd8 24.Qb6 Bf6 25.Nd2 Qb7 26.Qxb7 Bxb7 27.Nc4 Bxe4 28.Rxd6 Rxd6 29.Nxd6 Bd5
30.Bf3 Be7 31.Nc8 Bxf3 32.gxf3 Bd8 33.b6 Kf8 34.b7 Bc7 35.Na7 Ke8 36.Nc6 Kd7
37.b8=Q Bxb8 38.Nxb8+ Kc7 39.Na6+ Kb6 40.Nb8  1/2-1/2

[Event "Nova Gorica (Women)"]
[Site "Nova Gorica"]
[Date "1992.??.??"]
[Round "?"]
[White "Nutu Gajic, Dana"]
[Black "Mihevc, Narcisa"]
[Result "1-0"]
[WhiteElo "2350"]
[BlackElo "2140"]

1.d4 Nf6 2.c4 g6 3.Nc3 Bg7 4.e4 d6 5.Nf3 O-O 6.Be2 e5 7.O-O Nc6 8.d5 Ne7
9.b4 a5 10.Ba3 axb4 11.Bxb4 Nd7 12.a4 h6 13.Nd2 f5 14.a5 Nf6 15.c5 f4 16.cxd6 cxd6
17.Nc4 Ne8 18.Nb6 Rb8 19.Nb5 Rf6 20.Bg4 h5 21.Nxc8 Nxc8 22.Be6+ Kh7 23.Ra3 Bf8
24.Rc3 Ng7 25.Qb3 Be7 26.Rfc1 Nxe6 27.dxe6 Kh6 28.Rc7 Qg8 29.Rd7 f3 30.gxf3 Rxe6
31.Nc7 Bg5 32.Qxe6 Qxe6 33.Nxe6 Bxc1 34.Rd8 g5 35.Bxd6 Ra8 36.Nc7 Rxa5 37.Rxc8 Bb2
38.Nd5 Bd4 39.Ne7 Ba7 40.Nf5+ Kg6 41.Rg8+ Kf6 42.Bc7  1-0

[Event "Novi Sad"]
[Site "Novi Sad"]
[Date "1992.??.??"]
[Round "7"]
[White "Kozul, Zdenko"]
[Black "Popovic, Petar"]
[Result "1-0"]
[WhiteElo "2545"]
[BlackElo "2550"]

1.d4 Nf6 2.c4 g6 3.Nc3 Bg7 4.e4 d6 5.Nf3 O-O 6.Be2 e5 7.O-O Nc6 8.d5 Ne7
9.Ne1 Nd7 10.Be3 f5 11.f3 f4 12.Bf2 g5 13.a4 Ng6 14.a5 Rf7 15.c5 Nxc5 16.Bxc5 dxc5
17.Bc4 Kh8 18.a6 bxa6 19.Nd3 Bf8 20.Na4 Rb8 21.b3 Bd6 22.Naxc5 Qe7 23.Nxa6 Rb6
24.Ra5 g4 25.fxg4 Qg5 26.Nac5 Bxg4 27.Ne6 Qh5 28.Qa1 f3 29.Rxa7 h6 30.Ra8+ Kh7
31.Qa4 Bxe6 32.dxe6 Qg5 33.Rf2 Rg7 34.Rxf3 Nf4 35.Ne1 Bc5+ 36.Kf1 Nxg2 37.Qe8 Ne3+
38.Ke2 Nxc4 39.Qh8+ Kg6 40.Rg3 Rxb3 41.Rxg5+ Kxg5 42.Nd3  1-0

[Event "Oberwart op"]
[Site "Oberwart"]
[Date "1992.??.??"]
[Round "6"]
[White "Titz, Heimo"]
[Black "Raubal, Martin"]
[Result "1-0"]
[WhiteElo "2345"]
[BlackElo "2225"]

1.c4 Nf6 2.Nc3 g6 3.e4 d6 4.d4 Bg7 5.Be2 O-O 6.Nf3 e5 7.O-O Nc6 8.Be3 Ng4
9.Bg5 f6 10.Bh4 Nh6 11.dxe5 dxe5 12.c5 Be6 13.Qa4 Ne7 14.Bc4 Bxc4 15.Qxc4+ Kh8
16.Rad1 Qc8 17.b4 Qg4 18.h3 Qc8 19.Rd2 g5 20.Bg3 Ng6 21.Rfd1 Re8 22.c6 bxc6
23.Qxc6 Qe6 24.Qxe6 Rxe6 25.Nb5 Rc6 26.Rd7 Rb8 27.Nxa7 Ra6 28.Rd8+ Rxd8 29.Rxd8+ Bf8
30.Nb5 c6 31.Nc7 Rxa2 32.Ne6 Kg8 33.h4 Ng4 34.Kf1 Ra1+ 35.Ke2 Ra2+ 36.Kd3 Nxf2+
37.Bxf2 Rxf2 38.hxg5 fxg5 39.Nfxg5 Rxg2 40.Rc8 h6 41.Nxf8 Ne7 42.Re8 hxg5
43.Ng6+ Kf7 44.Rxe7+ Kxg6 45.Re6+ Kf7 46.Rxc6 Rb2 47.Kc3 Rb1 48.Rh6 Re1 49.b5 Rxe4
50.b6 Rd4 51.Rh8 Rd7 52.b7 Rxb7 53.Rh7+ Kf6 54.Rxb7 Kf5 55.Kd3  1-0

[Event "Odorheiu Secuiesc"]
[Site "Odorheiu Secuiesc"]
[Date "1992.??.??"]
[Round "?"]
[White "Grigore, George"]
[Black "Badea, Bela"]
[Result "1/2-1/2"]
[WhiteElo "2430"]
[BlackElo "2395"]

1.d4 Nf6 2.c4 g6 3.Nc3 Bg7 4.e4 d6 5.Be2 O-O 6.Nf3 e5 7.O-O Nc6 8.d5 Ne7
9.b4 a5 10.Ba3 Nd7 11.bxa5 Rxa5 12.Bb4 Ra8 13.a4 Nc5 14.Bxc5 dxc5 15.Nd2 Bd7
16.a5 Nc8 17.Ra2 Nd6 18.Bd3 f5 19.Qe2 Qh4 20.Rfa1 Rf7 21.Nb3 b6 22.axb6 Rxa2
23.Rxa2 cxb6 24.Nd2 Qd8 25.Bc2 Qb8 26.Nf3 Re7 27.h3 Bf6 28.Ba4 Bc8 29.Bc6 Ra7
30.exf5 Rxa2 31.Nxa2 Bxf5 32.Nxe5 Qa7 33.Ng4 Bg7 34.Ne3 Bb1 35.Nc1 Qa3 36.Qd1 Bd4
37.Ne2 Qd3 38.Nxd4 cxd4 39.Qxd3 Bxd3 40.Nd1 Bxc4 41.f3 Kf7 42.Kf2 Kf6 43.f4 Ne4+
44.Kf3 Nc3 45.Nb2 Be2+ 46.Kf2 b5  1/2-1/2

[Event "Odorheiu Secuiesc"]
[Site "Odorheiu Secuiesc"]
[Date "1992.??.??"]
[Round "?"]
[White "Kiss, Pal"]
[Black "Ardeleanu, Alin"]
[Result "0-1"]
[WhiteElo "2410"]
[BlackElo "2350"]

1.d4 Nf6 2.c4 g6 3.Nc3 Bg7 4.e4 d6 5.Nf3 O-O 6.Be2 e5 7.O-O Nc6 8.d5 Ne7
9.Ne1 Nd7 10.f3 f5 11.g4 Kh8 12.Bd2 a5 13.Nd3 c6 14.Kg2 Nf6 15.Nf2 b5 16.b3 b4
17.Na4 c5 18.h4 Neg8 19.Rh1 h5 20.exf5 gxf5 21.g5 Ra7 22.gxf6 Bxf6 23.f4 Rg7+
24.Kf1 e4 25.Nh3 Bd4 26.Ng5 Nf6 27.Rb1 Ng4 28.Bxg4 fxg4 29.Qc1 g3 30.Be3 g2+
31.Kxg2 Qd7 32.Kf1 Qg4 33.Rb2 Rxg5 34.Bxd4+ cxd4 35.hxg5 Rxf4+ 36.Rf2 e3
37.Rh2 e2+ 38.Ke1 Qg1+  0-1

[Event "Odorheiu Secuiesc"]
[Site "Odorheiu Secuiesc"]
[Date "1992.??.??"]
[Round "?"]
[White "Pogorelov, Ruslan"]
[Black "Ionescu, Constantin"]
[Result "1/2-1/2"]
[WhiteElo "2385"]
[BlackElo "2465"]

1.Nf3 g6 2.c4 Bg7 3.d4 Nf6 4.Nc3 O-O 5.e4 d6 6.Be2 e5 7.O-O Nc6 8.d5 Ne7
9.Nd2 Nd7 10.b4 a5  1/2-1/2

[Event "Oostende op"]
[Site "Oostende"]
[Date "1992.??.??"]
[Round "7"]
[White "Psakhis, Lev"]
[Black "Steinbacher, Matthias"]
[Result "1-0"]
[WhiteElo "2570"]
[BlackElo "2340"]

1.c4 g6 2.e4 Bg7 3.d4 d6 4.Nc3 Nf6 5.Nf3 O-O 6.Be2 e5 7.O-O Nc6 8.d5 Ne7
9.Nd2 a5 10.a3 Nd7 11.Rb1 f5 12.b4 axb4 13.axb4 Kh8 14.f3 Ng8 15.Qc2 Bh6
16.Nb5 Ngf6 17.c5 Ne8 18.Nc4 Bxc1 19.Rbxc1 Ndf6 20.cxd6 cxd6 21.Qc3 Kg7 22.Qe3 Ra6
23.Nc3 fxe4 24.fxe4 Ng4 25.Qd2 Rxf1+ 26.Rxf1 Bd7 27.h3 b5 28.Bxg4 bxc4 29.Qf2 Nf6
30.Bxd7 Nxd7 31.Qf7+ Kh6 32.Kh2 Ra3 33.Nd1 Ra2 34.Ne3 Qh4 35.Ng4+ Kg5 36.Rf5+  1-0

[Event "RUS-ch"]
[Site "Orel"]
[Date "1992.??.??"]
[Round "?"]
[White "Gavrilov, Alexei"]
[Black "Shchekachev, Andrei"]
[Result "1-0"]
[WhiteElo "2360"]
[BlackElo "2465"]

1.d4 Nf6 2.c4 g6 3.Nc3 Bg7 4.e4 d6 5.Nf3 O-O 6.Be2 e5 7.O-O Nc6 8.d5 Ne7
9.Ne1 Nd7 10.Nd3 f5 11.Bd2 Nf6 12.f3 Kh8 13.b4 Neg8 14.c5 Bh6 15.a4 Bxd2
16.Qxd2 f4 17.a5 g5 18.Qb2 g4 19.b5 g3 20.h3 Nh6 21.b6 Nh5 22.Rfc1 Qh4 23.Bf1 Nf7
24.Nb5 Rg8 25.Ne1 Ng5 26.cxd6 Bxh3 27.Qxe5+ Rg7 28.dxc7 Rc8 29.Ra3 Bg4 30.Bc4 Nxf3+
31.Rxf3 Qh2+ 32.Kf1 Qh1+ 33.Ke2 Bxf3+ 34.Kxf3 a6 35.Nd3 Qh4 36.Qf5 Rgg8 37.Nd6 Rcf8
38.c8=Q Rxc8 39.Nxc8 Ng7 40.Qd7 Ne6 41.Qxe6  1-0

[Event "RUS-ch sf"]
[Site "Orel"]
[Date "1992.??.??"]
[Round "?"]
[White "Shariyazdanov, Andrey"]
[Black "Suchorukow, Andrei"]
[Result "1-0"]
[WhiteElo "2360"]
[BlackElo "2300"]

1.d4 Nf6 2.c4 g6 3.Nc3 Bg7 4.e4 d6 5.Be2 O-O 6.Nf3 e5 7.O-O Nc6 8.d5 Ne7
9.Ne1 c6 10.f4 Nd7 11.dxc6 Qb6+ 12.Kh1 Qxc6 13.f5 gxf5 14.exf5 Nf6 15.Bg5 e4
16.Qd4 Qc5 17.Qxc5 dxc5 18.g4 Nc6 19.Nc2 Nd4 20.Nxd4 cxd4 21.Bxf6 dxc3 22.Bxc3 Bxc3
23.bxc3 Bd7 24.Kg2 Rfd8 25.Kf2 Ba4 26.Rfb1 Rd7 27.Rb2 Rad8 28.Ke3 Bc6 29.g5 f6
30.h4 Kg7 31.Rg1 Rd3+ 32.Bxd3 Rxd3+ 33.Kf4 Rf3+ 34.Kg4 Bd7 35.Rxb7 Rd3 36.Kf4  1-0

[Event "Osijek"]
[Site "Osijek"]
[Date "1992.??.??"]
[Round "11"]
[White "Cebalo, Miso"]
[Black "Gyorkos, Lajos"]
[Result "1-0"]
[WhiteElo "2515"]
[BlackElo "2450"]

1.Nf3 Nf6 2.c4 g6 3.Nc3 Bg7 4.e4 O-O 5.d4 d6 6.Be2 e5 7.O-O Nc6 8.Be3 Ng4
9.Bg5 f6 10.Bc1 h5 11.h3 Nh6 12.dxe5 dxe5 13.Be3 Be6 14.c5 Qe7 15.Qa4 Nd8
16.b4 c6 17.b5 Nhf7 18.bxc6 bxc6 19.Bc4 Bxc4 20.Qxc4 Ne6 21.Rab1 Rfc8 22.Rfd1 Bf8
23.Na4 Rab8 24.Nd2 Nc7 25.Nb3 Qe6 26.Nb2 Qxc4 27.Nxc4 Ne6 28.Rbc1 Rc7 29.Nca5 Be7
30.Rc4 Rd8 31.Rxd8+ Nfxd8 32.Rb4 Kf7 33.Kf1 f5 34.f3 Rd7 35.Ke2 Nc7 36.a4 fxe4
37.Rxe4 Nd5 38.Bd2 Bf6 39.Nc4 Ne6 40.Kf1 Nd4 41.Nd6+ Kg8 42.Nxd4 exd4 43.Re8+ Kh7
44.Ne4 Be7 45.Rc8 Rc7 46.Rb8 Rd7 47.a5 Kg7 48.a6 Kf7 49.Rb7 Ke6 50.g3 Bd8
51.h4 d3 52.Nf2 Nf6 53.Bg5 d2 54.Ke2 Nd5 55.Bxd2 Nc7 56.Rxa7 Rd4 57.Bf4 Nb5
58.Rg7  1-0

[Event "Oslo2"]
[Site "Oslo"]
[Date "1992.??.??"]
[Round "3"]
[White "Tisdall, Jonathan D"]
[Black "Djurhuus, Rune"]
[Result "0-1"]
[WhiteElo "2455"]
[BlackElo "2420"]

1.d4 Nf6 2.c4 g6 3.Nc3 Bg7 4.e4 d6 5.Be2 O-O 6.Nf3 e5 7.O-O Nc6 8.d5 Ne7
9.b4 Nh5 10.c5 h6 11.Qb3 f5 12.a4 Kh8 13.exf5 Nxf5 14.Bd3 g5 15.Be4 Nd4 16.Qd1 Bg4
17.Nxd4 Bxd1 18.Ne6 Qe7 19.Nxf8 Rxf8 20.Rxd1 dxc5 21.b5 Nf6 22.Be3 b6 23.a5 Nxe4
24.Nxe4 Qd7 25.axb6 axb6 26.Ra7 Qg4 27.f3 Rxf3 28.Re1 Rf8 29.Bf2 Qc8 30.Bg3 Qb8
31.Rea1 Rd8 32.h3 Qc8 33.d6 cxd6 34.Nxd6 Rxd6 35.Ra8 Qg8 36.Rxg8+ Kxg8 37.Ra2 Rd1+
38.Kf2 Rb1 39.Ke3 Rxb5 40.Ke4 Kf7 41.Kf5 Ra5 42.Rd2 Ra7 43.Rd6 Rb7 44.Bxe5 Bxe5
45.Kxe5 Kg7 46.Rc6 b5 47.Rxc5 b4 48.Rc2 b3 49.Rb2 h5 50.g3 Kg6 51.Kd5 Rb8
52.Ke5 Rb5+ 53.Kd4 Kf5 54.Kc4 Rb8 55.Kd4 Rb7 56.Rf2+ Ke6 57.Rb2 Kd6 58.Ke4 Rb5
59.Kd4 Rb4+ 60.Kc3 Kc5 61.Kd3 Rb7  0-1

[Event "Oslo2"]
[Site "Oslo"]
[Date "1992.??.??"]
[Round "4"]
[White "Grotnes, Nils"]
[Black "Dannevig, Oystein"]
[Result "0-1"]
[WhiteElo "2310"]
[BlackElo "2275"]

1.d4 Nf6 2.c4 g6 3.Nc3 Bg7 4.e4 d6 5.Nf3 O-O 6.Be2 e5 7.O-O Nc6 8.d5 Ne7
9.Ne1 Nd7 10.Nd3 f5 11.Bd2 Nf6 12.f3 f4 13.c5 g5 14.cxd6 cxd6 15.Nf2 h5 16.h3 Rf7
17.Qc2 Ng6 18.Rfc1 g4 19.hxg4 hxg4 20.fxg4 Ne8 21.a4 Bf6 22.Ra3 Bh4 23.Nh3 Nf6
24.Qd1 Rg7 25.Kf1 Nf8 26.Bf3 Nxg4 27.Ke2 a6 28.Kd3 Rb8 29.Qe2 b5 30.axb5 axb5
31.b4 Qb6 32.Nd1 Nh2 33.Nhf2 Nxf3 34.gxf3 Rg2 35.Be1 Rg1 36.Rc6 Qd8 37.Kd2 Bd7
38.Rc2 Bg3 39.Nd3 Bh3 40.Bxg3 fxg3 41.Qe3 Rh1 42.Nc3 Bf1 43.Nc1 Qh4 44.N1e2 g2
45.Rc1 Ng6 46.Raa1 Qh2 47.Qa7 Rf8 48.Qd7 g1=Q  0-1

[Event "Oslo2"]
[Site "Oslo"]
[Date "1992.??.??"]
[Round "6"]
[White "Engqvist, Thomas"]
[Black "Dannevig, Oystein"]
[Result "1/2-1/2"]
[WhiteElo "2395"]
[BlackElo "2275"]

1.d4 Nf6 2.c4 g6 3.Nc3 Bg7 4.e4 d6 5.Be2 O-O 6.Nf3 e5 7.O-O Nc6 8.Be3 Ng4
9.Bg5 Bf6 10.Bxf6 Nxf6 11.d5 Nb8 12.Nd2 c5 13.dxc6 Nxc6 14.Nb3 Be6 15.Qd3 Nb4
16.Qd2 Rc8 17.a3 Na6 18.Qe3 Rxc4 19.Bxc4 Bxc4 20.Ne2 Qb6 21.Qxb6 axb6 22.Nbc1 Nxe4
23.Rd1 Rd8 24.Nd3 Nac5 25.Nec1 f6 26.Nb4 d5 27.f3 Ng5 28.a4 d4 29.Nbd3 Nge6
30.a5 b5 31.Ra3 Kf7 32.Nb4 f5 33.a6 Nxa6 34.Nxa6 bxa6 35.Rxa6 e4 36.fxe4 fxe4
37.b3 Bd5 38.Rb6 d3 39.Rxb5 Nd4 40.Rb6 Rc8 41.Nxd3 exd3 42.Rxd3 Rc1+ 43.Kf2 Rc2+
44.Ke1 Re2+ 45.Kd1 Re4 46.Rb4 Nf5 47.Rxe4 Bxe4 48.Rd7+ Ne7 49.Rd2 Nd5 50.Ke1 Ke6
51.Kf2 Ke5 52.Ra2 Kd4 53.Ra4+ Kd3 54.Ra7 h5 55.Ra4 Ne3 56.Ra6 Nc2 57.Rb6 Kc3
58.Kg3 Nd4 59.b4 Ne2+ 60.Kh4 Nf4 61.g3 Nd5 62.Re6 Bf5 63.Rd6 Nxb4 64.Kg5 Nd3
65.Rxg6  1/2-1/2

[Event "Oslo2"]
[Site "Oslo"]
[Date "1992.??.??"]
[Round "9"]
[White "Hjelmaas, Lars"]
[Black "Gullaksen, Eirik T"]
[Result "1/2-1/2"]
[WhiteElo "2300"]
[BlackElo "2260"]

1.d4 Nf6 2.c4 g6 3.Nc3 Bg7 4.e4 d6 5.Be2 O-O 6.Nf3 e5 7.O-O Nc6 8.d5 Ne7
9.Ne1 Nd7 10.Be3 f5 11.f3 f4 12.Bf2 g5 13.a4 Nf6 14.c5 Ng6 15.a5 Rf7 16.cxd6 cxd6
17.Nc2 a6 18.b4 h5 19.Na4 g4 20.Nb6 Rb8 21.Nxc8 Qxc8 22.Na3 g3 23.Ba7 Ra8
24.Bb6 gxh2+ 25.Kxh2 Bh6 26.b5 Kh7 27.bxa6 bxa6 28.Nc4 Qf8 29.Bf2 Rg7 30.Rh1 h4
31.Kg1 Nh5 32.Rb1 Bg5 33.Rb6 Be7 34.Bd3 Ng3 35.Rh3 Nh8 36.Qa4 Nf7 37.Qd7 Rd8
38.Qa7 Ra8 39.Qb7 Kg8 40.Rxa6 Rb8 41.Qxb8 Qxb8 42.Nb6 Ng5 43.Rh2 Bd8 44.Ra8 Qc7
45.Rc8 Qxc8 46.Nxc8 Rc7 47.Bb6 Rxc8 48.Bxd8 Rxd8 49.Rxh4 Kg7 50.a6 Rb8 51.Rg4 Kf6
52.Rh4 Kg6 53.Rh2 Rb3 54.Bc4 Rb4  1/2-1/2